00592 2200217 4500001002100000005001500021035002000036007000300056008004100059020002200100082001100122084001700133100001900150245007500169250001000244260005900254300003100313650001000344990000900354990001100363INLIS00000000000001420180312092742 a0010-0817000013ta180312 f 0 ind  a978-979-797-268-4 a297.72 a297.72 SAL t0 aKASJIM.Salenda1 aTerorisme dan Jihad Dalam Perspektif Hukum Islam /cDr. Kasjim Salenda acet 1 aDepartemen Agama RI :bBadan Litbang dan Diklat,c2009 axx,331 hlm ;c14,5 x 21 cm aJihad a3064 a3064 a